000 00553nmm a2200169Ia 4500
008 251105s9999||||xx |||||||||||||||||und||
020 _a9788499401614
041 _aspa
100 _aGarcía Gómez-Heras, José María
245 0 _aEn armonía con la naturaleza : Reconstrucción medioambiental de la filosofía
264 _a[Madrid, España] :
_bBiblioteca Nueva,
_c2010
300 _a496 páginas
490 _aEnsayo Biblioteca Nueva
650 _aPhilosophy, Ethics
856 _uhttps://public.digitaliapublishing.com/a/45864
942 _cCF
999 _c92591
_d92591